|
|
|
|
| LEADER |
00000nab a2200000 a 4500 |
| 001 |
vtls008421969 |
| 003 |
SK-MaSNL |
| 005 |
20260303074230.0 |
| 008 |
060103 2005 xo r r 000 0 slo |
| 038 |
|
|
|a KEVKJB
|
| 040 |
|
|
|a KEVKJB
|b slo
|c KEVKJB
|e AACR2
|
| 041 |
0 |
|
|a slo
|
| 044 |
|
|
|a xo
|c SK
|
| 080 |
|
|
|a 908
|x (437.671)
|2 UDC-MRF-SK2
|
| 080 |
|
|
|a 621.311 "1896"
|2 UDC-MRF-SK2
|
| 100 |
1 |
|
|a Makarová, Soňa
|4 aut
|9 429760
|
| 245 |
1 |
0 |
|a Žiarovky sa rozsvietili pred Vianocami
|b pred 109 rokmi sa Košičania čudovali elektrine na Hlavnej a Mlynskej
|c Soňa Makarová
|
| 300 |
|
|
|b Obr.
|
| 648 |
|
7 |
|a 1896
|2 SNK
|9 370862
|
| 650 |
0 |
7 |
|a elektrifikácia
|2 SNKPH
|9 31448
|
| 650 |
0 |
7 |
|a dejiny
|2 SNKPH
|9 3825
|
| 651 |
|
7 |
|a Košice (Slovensko)
|2 SNKPHgeo
|9 18694
|
| 773 |
0 |
|
|t Košický večer
|g Roč. 16(37), č. 51 (21.12.2005), s. 15
|
| 852 |
|
|
|a KEVKJB
|b KIS3GCP
|
| 999 |
|
|
|c 1770813
|d 1772743
|